Повествование вардапета Аристакэса Ластивертци / (Record no. 49916)
[ view plain ]
| 000 -LEADER | |
|---|---|
| fixed length control field | 01440nam a2200265 a 4500 |
| 001 - CONTROL NUMBER | |
| control field | 000147406 |
| 003 - CONTROL NUMBER IDENTIFIER | |
| control field | AM-YEHGA |
| 005 - DATE AND TIME OF LATEST TRANSACTION | |
| control field | 20250618071253.0 |
| 008 - FIXED-LENGTH DATA ELEMENTS--GENERAL INFORMATION | |
| fixed length control field | 981015s1968 ru |||||||||||||||||rus d |
| 040 ## - CATALOGING SOURCE | |
| Original cataloging agency | AM-YeHGA |
| 041 1# - LANGUAGE CODE | |
| Language code of text/sound track or separate title | rus |
| Language code of original | eng |
| 090 ## - LOCALLY ASSIGNED LC-TYPE CALL NUMBER (OCLC); LOCAL CALL NUMBER (RLIN) | |
| -- | 50686 |
| 100 1# - MAIN ENTRY--PERSONAL NAME | |
| Personal name | Արիստակես Լաստիվերտցի, |
| Dates associated with a name | XI դ. |
| 9 (RLIN) | 2244 |
| 245 10 - TITLE STATEMENT | |
| Title | Повествование вардапета Аристакэса Ластивертци / |
| Statement of responsibility, etc. | Аристакэс Ластивертци ; Пер. с древнеарм., вступ. ст., коммент. и прилож. К.Н. Юзбашяна ; АН СССР, Отд-ние истории. Ин-т народов Азии. |
| 260 ## - PUBLICATION, DISTRIBUTION, ETC. | |
| Place of publication, distribution, etc. | Москва : |
| Name of publisher, distributor, etc. | Наука. Гл. ред. восточной лит., |
| Date of publication, distribution, etc. | 1968. |
| 300 ## - PHYSICAL DESCRIPTION | |
| Extent | 194 с. ; |
| Dimensions | 23 см. |
| 440 #0 - SERIES STATEMENT/ADDED ENTRY--TITLE | |
| Title | Памятники письменности Востока |
| Volume/sequential designation | 15 |
| 650 14 - SUBJECT ADDED ENTRY--TOPICAL TERM | |
| Topical term or geographic name entry element | История армянского народа |
| Chronological subdivision | XI век |
| 653 0# - INDEX TERM--UNCONTROLLED | |
| Uncontrolled term | Армянские историографы |
| 700 1# - ADDED ENTRY--PERSONAL NAME | |
| Personal name | Յուզբաշյան, Կարեն Մկրտչի, |
| Dates associated with a name | 1927-2009 |
| Relator term | пер. |
| Relationship | trl |
| Relator term | коммент. |
| Relationship | cmm |
| Relator term | вступит. |
| Relationship | aui |
| 9 (RLIN) | 697 |
| 710 2# - ADDED ENTRY--CORPORATE NAME | |
| Corporate name or jurisdiction name as entry element | Академия наук СССР |
| Subordinate unit | Отделение истории |
| 710 2# - ADDED ENTRY--CORPORATE NAME | |
| Corporate name or jurisdiction name as entry element | Институт народов Азии АН СССР |
| 856 41 - ELECTRONIC LOCATION AND ACCESS | |
| Uniform Resource Identifier | <a href="https://arar.sci.am/dlibra/publication/392604/edition/363271/content">https://arar.sci.am/dlibra/publication/392604/edition/363271/content</a> |
| Link text | Կարդալ առցանց |
| 942 ## - ADDED ENTRY ELEMENTS (KOHA) | |
| Source of classification or shelving scheme | Universal Decimal Classification |
| Koha item type | Գրքեր / Books |
| Withdrawn status | Lost status | Source of classification or shelving scheme | Damaged status | Not for loan | Collection | Home library | Current library | Date acquired | Total checkouts | Full call number | Barcode | Date last seen | Price effective from | Koha item type | Public note |
|---|---|---|---|---|---|---|---|---|---|---|---|---|---|---|---|
| Universal Decimal Classification | General | Fundamental Scientific Library | Fundamental Scientific Library | 21/12/2016 | PII/482465 | FL0279228 | 21/12/2016 | 21/12/2016 | Գրքեր / Books | 30 Days Loan | |||||
| Universal Decimal Classification | General | Fundamental Scientific Library | Fundamental Scientific Library | 21/12/2016 | PII/484806 | FL0269716 | 21/12/2016 | 21/12/2016 | Գրքեր / Books | 30 Days Loan | |||||
| Universal Decimal Classification | General | Fundamental Scientific Library | Fundamental Scientific Library | 21/12/2016 | PII/484807 | FL0269717 | 21/12/2016 | 21/12/2016 | Գրքեր / Books | 30 Days Loan | |||||
| Universal Decimal Classification | Jahukyan Individual Collection | Fundamental Scientific Library | Fundamental Scientific Library | 21/12/2016 | Джаук/1380 | 906001380 | 21/12/2016 | 21/12/2016 | Գրքեր / Books | ILL Non-Circ. | |||||
| Universal Decimal Classification | Vache Nalbandyan Individual Collection | Fundamental Scientific Library | Fundamental Scientific Library | 21/12/2016 | Nalb/119 | FL0276102 | 21/12/2016 | 21/12/2016 | Գրքեր / Books | ILL Non-Circ. | |||||
| Universal Decimal Classification | Hovhannisian Individual Collection | Fundamental Scientific Library | Fundamental Scientific Library | 06/06/2017 | Иоан/583 | FL0447428 | 06/06/2017 | 06/06/2017 | Գրքեր / Books | ILL Non-Circ. |
ՀՀ Գիտությունների ազգային ակադեմիայի հիմնարար գիտական գրադարան = Fundamental Scientific Library of NAS RA
All site content, except where otherwise noted, is licensed under a